000 01527 a2200265 4500
001 5
005 20260407155401.0
008 260407a2007 arg spa d
003 AR-UNSa-BCEJYS
040 _aAR-UNSa-BCEJYS
_bspa
_cAR-UNSa-BCEJYS
080 _a658.3
_xPersonal. Relaciones humanas en la empresa (Recursos Humanos)
245 1 0 _aAdministración de recursos humanos
_pel capital humano de las organizaciones
020 _a970-10-6104-6
250 _a8a. ed.
264 1 _aMéxico :
_bMcGraw-Hill
_c2007
300 _axiv, 500 p.
_c29 cm
505 _a1. Las organizaciones - 2. Las personas - 3. Las personas y las organizaciones - 4. La administración de recursos humanos - 5. Reclutamiento de personas - 6. Selección de personal - 7. Diseño de puestos - 8. Descripción y análisis de puestos - 9. Evaluación de desempeño - 10. Remuneración (administración de sueldos y salarios) - 11. Planes de prestaciones sociales - 12. Calidad de vida en el trabajo - 13. Relaciones con las personas - 14. Capacitación y desarrollo del personal - 15. Desarollo organizacional - 16. Sistema de información de recursos humanos - 17. Ética y responsabilidad social
041 _aspa
942 _cBK
590 _aniveau_biblio:m niveau_hierar:0
100 1 _aChiavenato, Idalberto
700 1 _aMascaró Sacristán, Pilar
700 1 _aHano Roa, María del Carmen Enriqueta
856 4 1 _uhttps://biblioeco.unsa.edu.ar/pmb/images/libros/Administracion de Recursos Humanos 8ed.jpg
_yImagen de portada
_qimage/jpeg
999 _c5
_d5